000 00229nam a2200097Ia 4500
001 711920
005 20250826162817.0
008 250824s9999 xx 000 0 und d
245 0 _aYAZ
_cKÜRŞAT BAŞAR
260 _bEVEREST YAYINLARI
999 _c711920
_d711920